| 000 | 01189nam a22002417a 4500 | ||
|---|---|---|---|
| 005 | 20110624145745.0 | ||
| 008 | 110624t xxu||||| |||| 00| 0 mar d | ||
| 010 | _aMAR-21010 | ||
| 020 |
_c125.00 _a9789380361505 |
||
| 035 | _aMR-13668 | ||
| 037 | _bDBAD / PUB | ||
| 040 |
_aDPL _bMR |
||
| 082 | _a641.5 | ||
| 100 |
_aजोशी,वर्षा _928780 |
||
| 245 |
_a12 व्या शतकातील खाद्य संस्कृती / _cवर्षा जोशी तता हेमा क्षीरसागर |
||
| 246 |
_a12 Vya Shatkatil Khadya Sanskruti _bby Versha Joshi and Hema Kshirsagar |
||
| 260 |
_aपुणे _bरोहन प्रकाशन _c2011 |
||
| 270 |
_aधवलगिरी अपार्टमेन्टस्,शनिवार पेठ _bपुणे _e411030 |
||
| 300 |
_a87पृ. _b18सेमी(अजिल्द) |
||
| 700 |
_aक्षीरसागर,हेमा _928783 |
||
| 942 |
_2ddc _cMR _h641.5 _mजोशीव |
||
| 999 |
_c53184 _d53184 |
||